Determinanty výberu vedeckotechnickej stratégie podniku

Typológia variantov vedeckotechnickej stratégie podniku (VTStr). Stanovenie determinantov VTStr. Vplyv determinantov na výber variantu VTStr: druh podnikania, podnikateľská stratégia, veľkosť podniku, vedeckotechnický potenciál, výroba, vedeckotechnické prostredie.

Saved in:
Bibliographic Details
Main Author: Slávik, Štefan, 1955-
Format: Book Chapter
Language:Slovak
Subjects:
Tags: Add Tag
No Tags, Be the first to tag this record!

MARC

LEADER 00000naa a2200000 4500
001 r016601
005 20240502083120.5
041 0 |a slo 
044 |a CZ 
245 1 0 |a Determinanty výberu vedeckotechnickej stratégie podniku  |c Štefan Slávik 
520 |a Typológia variantov vedeckotechnickej stratégie podniku (VTStr). Stanovenie determinantov VTStr. Vplyv determinantov na výber variantu VTStr: druh podnikania, podnikateľská stratégia, veľkosť podniku, vedeckotechnický potenciál, výroba, vedeckotechnické prostredie. 
610 2 0 |a stratégia podniková 
610 2 0 |a rozvoj vedeckotechnický 
610 2 0 |a podnik 
610 2 0 |a výroba 
610 2 0 |a podnikanie 
100 1 |a Slávik, Štefan, 1955-